000 01095nam a2200253Ia 4500
999 _c56273
_d56273
001 23384
003 GE_BSU
005 20230622110206.0
008 181216s1988ge xx |||||||||||||| ||geo||
040 _cGE_BSU
041 _ageo
080 _a94(358) კ-81
100 _aკრამერი, ს.ნ.
_918884
245 _aისტორია იწყება შუმერიდან /
_c ს.ნ. კრამერი, თარგმნა მ. სოხაძემ ; სპეც.რედ. ზ. კიკნაძე
250 _aI-ლი გამოცემა
264 _aთბილისი :
_bნაკადული,
_c1988.
300 _a271 გვ;
_b20 სმ.
653 _aისტორია
653 _aისტორია იწყება შუმერიდან
653 _aშუმერების ისტორია;
700 _aსოხაძე, მ
_eმთარგმნელი
_918885
700 _aკიკნაძე, ზ
_eსპეციალური რედაქტორი
_98082
942 _cBK
_2udc